| 000 | 00000nam 2200000za 4500 |
| 001 | 9.801245 |
| 003 | CaOODSP |
| 005 | 20221107134747 |
| 007 | cr ||||||||||| |
| 008 | 150609s2015 onc |o f|0| 0 fre d |
| 040 | |aCaOODSP|bfre |
| 043 | |an-cn--- |
| 086 | 1 |aXC26-1/1-412-11F-PDF |
| 110 | 1 |aCanada. |bParlement. |bChambre des communes. |bComité permanent des finances. |
| 245 | 10|aCréation d'un centre d'échange du renminbi en Amérique du Nord |h[ressource électronique] : |ble Canada comme chef de file / |cle président, James Rajotte. |
| 260 | |a[Ottawa] : |bChambres des Communes, |c2015. |
| 300 | |avii, 24 p. :|bgraphique. |
| 490 | 1 |aRapport du Comité permanent des finances |v11e rapport, 41e législature, 2e session |
| 500 | |aJuin 2015. |
| 500 | |aÉgalement disponible en anglais sous le titre : A North American Renminbi Hub: Canada as the leader. |
| 692 | 07|2gccst|aCommerce |
| 775 | 08|tA North American Renminbi Hub |w(CaOODSP)9.801234 |
| 830 | #0|aRapport du Comité permanent des finances ;|v11e rapport, 41e législature, 2e session|w(CaOODSP)9.503208 |
| 856 | 40|qPDF|s907 Ko|uhttps://publications.gc.ca/collections/collection_2015/parl/xc26-1/XC26-1-1-412-11-fra.pdf |